000 00266nam a2200121Ia 4500
008 220204s9999 xx 000 0 und d
082 _a327
_bCOL
100 _aJ P
245 0 _aGeography of world affairs
250 _aEd.5
260 _aPenguin
_c1979
942 _cBK
999 _c32982
_d32982